000 00661nam a2200181Ia 4500
003 GCL
008 140319s9999 xx 000 0 ara d
040 _aGCL /
_cGCL
082 0 4 _a952
_bن د
100 1 _aنجم الثاقب خان
245 1 0 _aدروس من اليابان للشرق الاوسط /
_cنجم الثاقب خان
260 _aالقاهرة :
_bمركز الاهرام للترجمة والنشر ،
_c1993
300 _a185 ص ؛
_c24 سم
490 _aالهيئة العامة للاستعلامات
_v0
650 0 4 _aاليابان - تاريخ
650 0 4 _aاليابان - تاريخ - العصر الحديث
942 _2ddc
_cBK
999 _c51898
_d51898